[Event "Dresden ZMD op"]
[Site "Dresden"]
[Date "2009.07.25"]
[Round "1"]
[White "Ghaem Maghami, Ehsan"]
[Black "Edalati, Omid"]
[Result "1-0"]
[WhiteElo "2589"]
[BlackElo "1908"]
[PlyCount "51"]
[EventDate "2009.07.25"]
[EventType "swiss"]
[EventRounds "9"]
[EventCountry "GER"]
[SourceTitle "CBM 131 Extra"]
[Source "ChessBase"]
[SourceDate "2009.09.03"]
[SourceVersion "2"]
[SourceVersionDate "2009.09.16"]
[SourceQuality "1"]

1. Nf3 Nf6 2. c4 e6 3. g3 b6 4. Bg2 Bb7 5. 0-0 Be7 6. d4 c5 7. d5 exd5 8. Nh4 0-0 9. Nf5 Re8 10. Nc3 Na6 11. cxd5 d6 12. Nxe7+ Qxe7 13. e4 Nb4 14. a3 Na6 15. b3 Nc7 16. Bb2 Qe5 17. Re1 Qh5 18. Qxh5 Nxh5 19. f4 Nf6 20. Rad1 Rad8 21. e5 Nd7 22. Ne4 Bxd5 23. Nxd6 Bxb3 24. Nxe8 Nxe8 25. Bc6 Bxd1 26. Rxd1 1-0